000 00626nam a2200241Ia 4500
003 OSt
005 20230411093917.0
008 210423s2009 xx 000 0 und d
020 _a9788120330962
040 _cAL
041 _aeng
082 _a337 CHEF
100 _aCHERUNILAM (Francis)
_985813
245 _aInternational business: text and cases
250 _a4
260 _aNew Delhi
_bPHI Learning Pvt Ltd
_c2009
300 _axx,848
_bPB
365 _b395
_cINR
650 _aEconomics
_985814
650 _aInternational Economics
_985815
906 _abusiness: ; cases ; International
942 _2ddc
_cBK
999 _c158413
_d158413